Statistics for 50 States, 50 Cities Quiz #1

Click here to take the quiz!

General Stats

  • This quiz has been taken 74,699 times
    (58,968 since last reset)
  • The average score is 19 of 50

Answer Stats

City State % Correct
OHAkronOhio
85%
GASavannahGeorgia
78%
TXCorpus ChristiTexas
76%
FLPensacolaFlorida
71%
CANapaCalifornia
71%
NYYonkersNew York
69%
SCMyrtle BeachSouth Carolina
69%
KYFrankfortKentucky
61%
MIKalamazooMichigan
56%
MANantucketMassachusetts
55%
ALTuscaloosaAlabama
53%
AKNomeAlaska
53%
PAPunxsutawneyPennsylvania
50%
WAWalla WallaWashington
49%
MEBar HarborMaine
46%
IADubuqueIowa
44%
AZSedonaArizona
44%
TNGatlinburgTennessee
44%
ARArkadelphiaArkansas
43%
ILJolietIllinois
43%
NMAlamogordoNew Mexico
42%
WIOshkoshWisconsin
41%
MDChevy ChaseMaryland
39%
COGoldenColorado
36%
VAManassasVirginia
34%
OKBroken ArrowOklahoma
32%
HIWaimeaHawaii
32%
SDSturgisSouth Dakota
31%
MSHattiesburgMississippi
30%
ORCorvallisOregon
29%
NHNashuaNew Hampshire
29%
INFrench LickIndiana
28%
LAThibodauxLouisiana
27%
NDGrand ForksNorth Dakota
27%
KSOverland ParkKansas
26%
IDPocatelloIdaho
25%
NJPatersonNew Jersey
24%
NCKill Devil HillsNorth Carolina
23%
MNEden PrairieMinnesota
23%
NVElkoNevada
22%
CTNew CanaanConnecticut
21%
MOCape GirardeauMissouri
20%
MTKalispellMontana
19%
WYGilletteWyoming
18%
RIWoonsocketRhode Island
17%
UTSpanish ForkUtah
15%
WVParkersburgWest Virginia
15%
NEGrand IslandNebraska
15%
DELewesDelaware
14%
VTSt. JohnsburyVermont
12%

Score Distribution

Percentile by Number Answered

Percent of People with Each Score

Your Score History

You have not taken this quiz since the last reset